Russia in Flux : (Record no. 610747)

MARC details
000 -LEADER
fixed length control field 00489nam a2200193 a 4500
008 - FIXED-LENGTH DATA ELEMENTS--GENERAL INFORMATION
fixed length control field 260206s1992##################000#0#eng##
020 ## - INTERNATIONAL STANDARD BOOK NUMBER
ISBN 9781852786809
082 04 - DEWEY DECIMAL CLASSIFICATION NUMBER
Classification number 306.0947
Item number LAN
100 1# - MAIN ENTRY--AUTHOR NAME
Personal name Lane, David,
245 10 - TITLE STATEMENT
Title Russia in Flux :
260 ## - PUBLICATION, DISTRIBUTION, ETC. (IMPRINT)
Name of publisher Edward Elgar Publishing,
Year of publication 1992.
300 ## - PHYSICAL DESCRIPTION
Number of Pages 280 pages
650 #0 - SUBJECT ADDED ENTRY--TOPICAL TERM
Topical Term History.
942 ## - ADDED ENTRY ELEMENTS (KOHA)
Koha item type English Books
Holdings
Withdrawn status Lost status Damaged status Not for loan Home library Current library Shelving location Date acquired Full call number Accession Number Price effective from Koha item type
        Anna Centenary Library Anna Centenary Library 3RD FLOOR, B WING 06.02.2026 306.0947 LAN 343674 06.02.2026 English Books

Find us on the map